Fußball-Logos - Bundesliga - Statistiken

Allgemein
  • Dieses Quiz wurde 1.317 mal gespielt
  • Das Durchschnittsergebnis liegt bei 17 aus 18
Antwortstatistiken
Bildquiz Antwort % Korrekt
Bayern Munich
99%
Bayer Leverkusen
98%
Borussia Dortmund
98%
Eintracht Frankfurt
97%
Borussia Mönchengladbach
96%
Mainz
96%
RB Leipzig
96%
Werder Bremen
95%
Augsburg
94%
Freiburg
94%
Hoffenheim
94%
Union Berlin
94%
VfB Stuttgart
93%
Wolfsburg
93%
St. Pauli
92%
Bochum
91%
Heidenheim
89%
Holstein Kiel
86%
Keine übereinstimmenden Quizze gefunden
Verteilung der Resultate
Anzahl Personen mit jedem Resultat
Perzentil nach korrekt beantworteten Fragen
Ihre Resultats-Entwicklung
Sie haben dieses Quiz noch nicht gespielt